000 00496nam a2200169 i 4500
001 142950
003 ES-MaACL
005 20230906200653.0
007 t|
008 071011s1951 sp ||||1| spa d
100 1 _aVidal Tur, Gonzalo.
_9114519
245 1 3 _aEl Marqués de Bosch de Ares /
_cGonzalo Vidal Tur.
260 _aAlicante :
_b[s.n.],
_c1951 (
_fImp. Suc. Such Serra)
300 _a62 p. :
_bil. ;
_c17 cm.
500 _aRetr. biografiado.
852 _aES-MaACL
_j1939-F-4
_bR.31719
999 _c142950
_d142950